000 nam a22 7a 4500
999 _c233529
_d233529
005 20170308151340.0
008 170308b xxu||||| |||| 00| 0 eng d
020 _a97869698070105
040 _c.
082 _a891.43930
100 _aAbu Yahhya
245 _aJab Zindagi Shuru ho ge
_cAbu Yahhya
260 _aLahore,
_bAndaz Publisher
300 _a272 p. ;
942 _2ddc
_cBK